000 02199nim a2200529La 4500
001 ocn489088054
003 OCoLC
005 20240509121650.0
007 sd fungnnmmned
008 090727s2009 mdunnnnc f n spa d
020 _a9781440764677
020 _a1440764670
020 _c123.75
028 0 1 _aCE223
_bRecorded Books
029 0 _aRECBX
_brce00000223
035 _a(OCoLC)489088054
040 _aRECBX
_cRECBX
_dWACOL
_e
049 _aWACL
050 1 4 _aPZ73.C36945
_bCla 2009c
082 0 4 _a[Fic]
_222
092 _aSPCD
_bCar
100 1 _aCarranza, Maite,
_d1958-
_95854942
245 1 3 _aEl clan de la loba
250 _aTexto completo.
260 _aPrince Frederick, MD :
_bRecorded Books,
_cp2009.
264 _aPrince Frederick, MD :
_bRecorded Books,
_c2009
300 _a10 sound discs (11 hr., 15 min.) :
_bdigital ;
_c4 3/4 in.
490 1 _aRecorded Books audiolibros
490 0 _aLa guerra de las brujas ;
_vvol. 1
500 _aCompact disc.
500 _aTitle from container.
500 _aIn container (17 cm.)
511 0 _aNarrated by Adriana Sananes.
520 _aWhen her mother disappears, fourteen-year-old Anaíd sets out on a dangerous journey after learning that her mother is a witch, prophesied to be the chosen one to end an ancient war between two feuding clans.
521 _aSpanish Audio;
_bRecorded Books.
530 _aIssued also on cassette.
530 _aDesde tiempos inmemoriales, los clanes de las brujas Omar han vivido ocultándose de las sanguinarias brujas Odish y esperando la llegada de la elegida por la profecía. Ahora los astros confirman que el tiempo está próximo. Anaíd, que ha vivido durante sus catorce años de vida apartada en un pueblo del Pirineo, ignora los secretos que atañen a las mujeres de su familia.
650 1 _aMissing persons
_vFiction.
_95854943
650 1 _aWitches
_vFiction.
_95673734
650 1 _aComing of age
_vFiction.
_95678662
655 0 _aAudiobooks.
_95854944
700 1 _aSananes, Adriana.
_4nrt
_95854945
710 2 _aRecorded Books, LLC.
_95674251
830 0 _aRecorded Books audiolibros.
_95854946
942 _cCD
_2ddc
948 _a01/06/2010
_zSirsi
999 _c271896
_d271896